000
00276nam a2200097Ia 4500
001
643363
005
20250826153544.0
008
250824s9999 xx 000 0 und d
245
0
_a
DEFİNEDEKİ SIR/ ŞİMENDİFER ÇOCUKLARI /SERT KAPAK
_c
ESRA AĞAOĞLU
260
_b
GENÇ TİMAŞ
999
_c
643363
_d
643363